000 00411pab a2200157 454500
008 180718b2002 xxu||||| |||| 00| 0 eng d
100 _aDas, Jitendra Kumar
245 _aResponding to green concerns: the roles for government and business
260 _c2002
300 _ap.3-12.
362 _aJan-Mar
650 _aPollution
650 _aEnvironmental conservation
773 _aVikalpa
909 _a51961
999 _c51961
_d51961